[Event "belive in your chess"]
[Site "SchemingMind.com"]
[Date "2007.12.02"]
[Round "-"]
[White "z"]
[Black "keen"]
[Result "0-1"]
[WhiteCountry "IRQ"]
[BlackCountry "SCO"]
[WhiteElo "1788"]
[WhiteRD "59"]
[BlackElo "1783"]
[BlackRD "64"]
[GameID "131335"]

1. f4 b6 2. e4 Bb7 3. Nc3 e6 4. d4 Be7 5. Nf3 Nf6 6. Bd3 d6 7. O-O O-O 8. Qe2 Nc6 9. a3 a6 10. e5 Ne8
11. Be3 Nb8 12. Rad1 Nd7 13. Ne4 f5 14. exf6 Ndxf6 15. Neg5 Qd7 16. f5 exf5 17. Ne5 dxe5 18. dxe5 Nd5 19. e6 Qc6 20. Nf3 Nxe3
21. Ne5 Qxg2+ 22. Qxg2 Bxg2 23. Rfe1 Nxd1 24. Rxd1 Bh3 25. Nc6 Bc5+ 26. Kh1 f4 27. e7 Rf6 28. Nd8 f3 29. Bc4+ Kh8 30. Nf7+ Rxf7
31. Bxf7 Bg2#
0-1

[Event "belive in your chess"]
[Site "SchemingMind.com"]
[Date "2007.12.06"]
[Round "-"]
[White "badbishop"]
[Black "keen"]
[Result "1-0"]
[WhiteCountry "POL"]
[BlackCountry "SCO"]
[WhiteElo "2236"]
[WhiteRD "69"]
[BlackElo "1766"]
[BlackRD "67"]
[GameID "131336"]

1. e4 e5 2. Nf3 Nc6 3. Bb5 a6 4. Bxc6 dxc6 5. O-O Bg4 6. h3 h5 7. d3 Qf6 8. Be3 Bxf3 9. Qxf3 Qxf3 10. gxf3 O-O-O
11. f4 Bd6 12. fxe5 Bxe5 13. Nc3 Ne7 14. f4 Bf6 15. Kh2 g6 16. Bc5 Rhe8 17. e5 Bh4 18. Bxe7 Rxe7 19. Ne4 b6 20. Rad1 Red7
21. Rg1 Be7 22. Rdf1 Kb7 23. e6 fxe6 24. Rxg6
1-0

[Event "belive in your chess"]
[Site "SchemingMind.com"]
[Date "2007.12.06"]
[Round "-"]
[White "drunkenmaster"]
[Black "keen"]
[Result "0-1"]
[WhiteCountry "PHI"]
[BlackCountry "SCO"]
[WhiteElo "1868"]
[WhiteRD "76"]
[BlackElo "1755"]
[BlackRD "60"]
[GameID "131337"]

1. e4 e5 2. Nf3 Nc6 3. Bc4 Bc5 4. c3 Nf6 5. d3 O-O 6. O-O h6 7. Bb3 Bb6 8. Nbd2 d5 9. exd5 Nxd5 10. Nc4 Re8
11. Re1 Bg4 12. h3 Bh5 13. g4 Bg6 14. Ncxe5 Nxe5 15. Rxe5 Rxe5 16. Nxe5 c6 17. Nxg6 fxg6 18. c4 Qf6 19. Qe2 Rf8 20. cxd5 Bxf2+
21. Kg2 Qh4 22. dxc6+ Kh7 23. Qe5 Re8 24. Qxe8 Qg3+ 25. Kf1 Qg1+ 26. Ke2 Qe1+ 27. Kf3 Qxe8 28. Kxf2 Qxc6 29. Be3 Qf6+ 30. Kg3 Qd6+
31. Kg2 Qxd3 32. Bxa7 Qd2+ 33. Bf2 Qxb2 34. Rd1 Qe2 35. Re1 Qd2 36. Re8 h5 37. Bg8+ Kh6 38. Re5 hxg4 39. hxg4 Qb2 40. Re1 Kg5
41. Be6 Qd2 42. Kg3 Qf4+ 43. Kg2 Qd2 44. Kg1 Kf6 45. Bh4+ g5 46. Bf2 Qb4 47. Kg2 Qd2 48. Bb3 Kg6 49. Re6+ Kh7 50. Re1 Qb4
51. Be6 g6 52. Re2 Qb5 53. Bb3 Qc6+ 54. Kg1 Qf3 55. Re7+ Kh6 56. Be6 Qd1+ 57. Kg2 Qd6 58. Rd7 Qxe6 59. Rd4 Qxa2 60. Kf3 Qf7+
61. Ke2 b5
0-1

[Event "belive in your chess"]
[Site "SchemingMind.com"]
[Date "2007.12.01"]
[Round "-"]
[White "Chess_Man01"]
[Black "keen"]
[Result "1-0"]
[WhiteCountry "GBR"]
[BlackCountry "SCO"]
[WhiteElo "2169"]
[WhiteRD "73"]
[BlackElo "1766"]
[BlackRD "67"]
[GameID "131338"]

1. d4 d5 2. c4 e6 3. Nc3 Be7 4. Nf3 Nf6 5. Bg5 O-O 6. e3 h6 7. Bh4 b6 8. a3 Re8 9. Bd3 Bb7 10. O-O Nbd7
11. cxd5 Nxd5 12. Bxe7 Nxe7 13. Be4 Bxe4 14. Nxe4 Nd5 15. Rc1 Rc8 16. Qa4 Ra8 17. Rfd1 a5 18. Nc3 Rc8 19. Nb5 Re7 20. Na7 b5
21. Qxb5 Rb8 22. Qe2 Qe8 23. Nc6
1-0

[Event "belive in your chess"]
[Site "SchemingMind.com"]
[Date "2007.12.07"]
[Round "-"]
[White "Schaakmaatje"]
[Black "keen"]
[Result "0-1"]
[WhiteCountry "NED"]
[BlackCountry "SCO"]
[WhiteElo "1746"]
[WhiteRD "45"]
[BlackElo "1759"]
[BlackRD "65"]
[GameID "131519"]

1. e4 c6 2. d4 d5 3. e5 Bf5 4. g4 Bg6 5. f4 Be4 6. Nf3 e6 7. Nc3 h6 8. Nxe4 dxe4 9. Ng1 Qh4+ 10. Kd2 Qf2+
11. Ne2 e3+ 12. Kd3 Nd7 13. Bxe3 Qf3 14. Ng3 Qd5 15. c4 Qa5 16. Be2 Nc5+ 17. Kc2 O-O-O 18. Qe1 Qxe1 19. Rhxe1 Na6 20. a3 Ne7
21. Ne4 Ng6 22. Rad1 Be7 23. d5 exd5 24. cxd5 cxd5 25. Bxa6 bxa6 26. Nc5 a5 27. b4 axb4 28. axb4 h5 29. g5 Kb8 30. Na6+ Kb7
31. b5 Rc8+ 32. Kb3 Rhd8 33. Nb4 Bxb4 34. Kxb4 Rc4+ 35. Kb3 Nxf4 36. Rxd5 Rxd5 37. Kxc4 Rxe5 38. Kd4 Re6 39. Bf2 Rxe1 40. Bxe1 Ne6+
41. Ke5 Nxg5
0-1

[Event "belive in your chess"]
[Site "SchemingMind.com"]
[Date "2007.12.07"]
[Round "-"]
[White "Schaakmaatje"]
[Black "littleboo"]
[Result "0-1"]
[WhiteCountry "NED"]
[BlackCountry "USA"]
[WhiteElo "1755"]
[WhiteRD "48"]
[BlackElo "1949"]
[BlackRD "88"]
[GameID "131520"]

1. e4 e5 2. Nc3 Nc6 3. Bc4 Nf6 4. d3 Na5 5. Be3 Nxc4 6. dxc4 Bb4 7. f3 Bxc3+ 8. bxc3 O-O 9. Ne2 b6 10. O-O Qe7
11. Nc1 Ba6 12. Qd3 Qe6 13. Rd1 Bxc4 14. Qd2 d5 15. exd5 Nxd5
0-1

[Event "belive in your chess"]
[Site "SchemingMind.com"]
[Date "2007.12.07"]
[Round "-"]
[White "Schaakmaatje"]
[Black "z"]
[Result "0-1"]
[WhiteCountry "NED"]
[BlackCountry "IRQ"]
[WhiteElo "1746"]
[WhiteRD "45"]
[BlackElo "1832"]
[BlackRD "55"]
[GameID "131521"]

1. e4 e6 2. d4 d5 3. Nd2 c5 4. c3 cxd4 5. cxd4 dxe4 6. Nxe4 Bd7 7. Bc4 Bc6 8. Qd3 Nf6 9. f3 Nxe4 10. fxe4 Qh4+
11. Kf1 Bxe4 12. Bb5+ Nc6 13. Bxc6+ Bxc6 14. Be3 O-O-O 15. Rc1 Kb8 16. Ne2 g6 17. Bf4+ Bd6 18. Bxd6+ Rxd6 19. Qg3 Qxg3 20. hxg3 Bb5
21. Rd1 e5 22. Kf2 Bxe2 23. Kxe2 exd4 24. Rd3 Re8+ 25. Kd2 h5 26. Rf1 f5 27. Rf4 Re4 28. Rdf3 Kc7 29. Rd3 Kc6 30. Rdf3 Kd5
31. Rd3 Rb6 32. b3 Ra6 33. a4 Rd6 34. Rdf3 Kc5 35. Rd3 a6 36. Rff3 b5 37. axb5 Kxb5 38. Rf4 Rd5 39. Rdf3 Kb4 40. Rd3 a5
41. Rdf3 Rc5 42. Rd3 Rce5 43. Rxd4+ Kxb3 44. Rd3+ Kb4 45. Rd4+ Kc5 46. Ra4 Kb5 47. Rd4 a4 48. Kc3 Rxd4 49. Rxd4 Re3+ 50. Rd3 Rxd3+
51. Kxd3 Kb4 52. Kc2 Kc4 53. Kb2 Kd4 54. Ka3 Ke3 55. Kxa4 Kf2
0-1

[Event "belive in your chess"]
[Site "SchemingMind.com"]
[Date "2007.12.07"]
[Round "-"]
[White "Schaakmaatje"]
[Black "drunkenmaster"]
[Result "0-1"]
[WhiteCountry "NED"]
[BlackCountry "PHI"]
[WhiteElo "1746"]
[WhiteRD "45"]
[BlackElo "1967"]
[BlackRD "77"]
[GameID "131523"]

1. d4 Nf6 2. Bg5 e6 3. e4 h6 4. Bxf6 Qxf6 5. e5 Qd8 6. Bd3 d5 7. Ne2 c5 8. c3 Qb6 9. Qb3 c4 10. Qxb6 axb6
11. Bc2 b5 12. Nd2 Bd7 13. O-O b4 14. f4 g6 15. g4 b5 16. f5 gxf5 17. gxf5 bxc3 18. bxc3 b4 19. fxe6 fxe6 20. Bg6+ Kd8
21. Kh1 bxc3 22. Nxc3 Bb4 23. Rf3 Nc6 24. a3 Nxd4 25. Rg3 Rg8
0-1

[Event "belive in your chess"]
[Site "SchemingMind.com"]
[Date "2007.12.07"]
[Round "-"]
[White "keen"]
[Black "Schaakmaatje"]
[Result "0-1"]
[WhiteCountry "SCO"]
[BlackCountry "NED"]
[WhiteElo "1766"]
[WhiteRD "67"]
[BlackElo "1755"]
[BlackRD "48"]
[GameID "131525"]

1. e4 c5 2. Nf3 Nc6 3. d4 cxd4 4. Nxd4 Nf6 5. Nc3 e5 6. Ndb5 d6 7. Bg5 a6 8. Bxf6 gxf6 9. Na3 Be6 10. Nd5 b5
11. c3 Rc8 12. Nxb5 axb5 13. Bxb5 Bg7 14. Qa4 Bd7 15. O-O-O O-O 16. Nb4 Nxb4 17. Bxd7 Nxa2+ 18. Kb1 Ra8 19. Qc6 Qa5 20. Kc2 Rfb8
21. Qc4 Ra7 22. Bg4 Rc7 23. Qd3 Nb4+
0-1

[Event "belive in your chess"]
[Site "SchemingMind.com"]
[Date "2007.12.07"]
[Round "-"]
[White "littleboo"]
[Black "Schaakmaatje"]
[Result "1-0"]
[WhiteCountry "USA"]
[BlackCountry "NED"]
[WhiteElo "1949"]
[WhiteRD "88"]
[BlackElo "1755"]
[BlackRD "48"]
[GameID "131526"]

1. e4 c5 2. Nc3 g6 3. Nf3 Bg7 4. d4 Nc6 5. dxc5 Bxc3+ 6. bxc3 Qa5 7. Bd3 Qxc3+ 8. Bd2 Qxc5 9. Rb1 a6 10. c4 Nf6
11. O-O d6 12. Qa4 O-O 13. Bh6 Re8 14. Be3 Qa5 15. Qxa5 Nxa5 16. Rfd1 Bd7 17. Bd2 Be6 18. Bxa5
1-0

[Event "belive in your chess"]
[Site "SchemingMind.com"]
[Date "2007.12.07"]
[Round "-"]
[White "z"]
[Black "Schaakmaatje"]
[Result "1-0"]
[WhiteCountry "IRQ"]
[BlackCountry "NED"]
[WhiteElo "1825"]
[WhiteRD "57"]
[BlackElo "1755"]
[BlackRD "48"]
[GameID "131527"]

1. b4 e5 2. Bb2 f6 3. b5 d5 4. e3 Be6 5. Qc1 Bd6 6. c4 c6 7. c5 Be7 8. d4 e4 9. Nc3 Nh6 10. Qc2 O-O
11. Nge2 Nd7 12. Nc1 f5 13. g3 Rc8 14. Nb3 Nf7 15. h4 g5 16. hxg5 Nxg5 17. O-O-O Nf6 18. a4 Bf7 19. Ne2 Ng4 20. Nf4 Qe8
21. Ba3 b6 22. Kb2 cxb5 23. Bxb5 Qd8 24. Rc1 bxc5 25. Bxc5 Bxc5 26. Nxc5 Qb6 27. Ka1 Rfd8 28. Qe2 Rc7 29. Rc2 Qd6 30. Rhc1 Kh8
31. Ka2 Kg8 32. Na6 Rxc2+ 33. Rxc2 Be8 34. Bxe8 Rxe8 35. Qb5 Rd8 36. Nb4
1-0

[Event "belive in your chess"]
[Site "SchemingMind.com"]
[Date "2007.12.07"]
[Round "-"]
[White "badbishop"]
[Black "Schaakmaatje"]
[Result "1-0"]
[WhiteCountry "POL"]
[BlackCountry "NED"]
[WhiteElo "2236"]
[WhiteRD "69"]
[BlackElo "1755"]
[BlackRD "48"]
[GameID "131528"]

1. e4 e5 2. Nf3 Nc6 3. Bb5 a6 4. Bxc6 dxc6 5. O-O Bg4 6. h3 Bxf3 7. Qxf3 Bc5 8. Qg3 Qf6 9. d3 h6 10. Be3 Bd6
11. Nc3 Ne7 12. f4 exf4 13. Bxf4 Qg6 14. Qe3 O-O 15. Rf3 b6 16. Bxd6 cxd6 17. Qxb6 Rfb8 18. Qc7 Qe6 19. b3 Qe5 20. Rd1 Rc8
21. d4 Rxc7 22. dxe5 dxe5 23. Na4 f6 24. Nc5 Kh7 25. Rfd3 Ng6 26. g3 Raa7 27. Rd8 Nh8 28. Ne6 Re7 29. Nf8+
1-0

[Event "belive in your chess"]
[Site "SchemingMind.com"]
[Date "2007.12.07"]
[Round "-"]
[White "drunkenmaster"]
[Black "Schaakmaatje"]
[Result "0-1"]
[WhiteCountry "PHI"]
[BlackCountry "NED"]
[WhiteElo "1868"]
[WhiteRD "76"]
[BlackElo "1739"]
[BlackRD "49"]
[GameID "131529"]

1. e4 c5 2. Nf3 d6 3. Bb5+ Bd7 4. a4 a6 5. Bxd7+ Nxd7 6. a5 g6 7. O-O Bg7 8. d3 b5 9. axb6 Qxb6 10. Nbd2 Ngf6
11. Re1 O-O 12. Nc4 Qd8 13. e5 Nd5 14. exd6 exd6 15. Nxd6 Qc7 16. Nc4 Nf4 17. Bxf4 Qxf4 18. Qd2 Qxd2 19. Nfxd2 Nf6 20. Ra5 Rfe8
21. Rxe8+ Rxe8 22. Kf1 Nd5 23. Rxc5 Nb4 24. Ne3 Bxb2 25. Rc4 a5 26. Nb3 f5 27. Nxa5 Ba3 28. g3 Na6 29. Nc6 Bc5 30. d4 Bf8
31. Nd5 Re6 32. Ne5 Kg7 33. Rc6 Rxc6 34. Nxc6 Bd6 35. c4 Kf7 36. Ke2 Ke6 37. Nc3 Kd7 38. Ne5+ Ke6 39. f4 g5 40. Nb5 Be7
41. d5+ Kf6 42. Nd7+ Kg7 43. Nd4 Kg6 44. fxg5 Kxg5 45. Kf3 Nc7 46. Nb5 Na6
0-1

[Event "belive in your chess"]
[Site "SchemingMind.com"]
[Date "2007.12.05"]
[Round "-"]
[White "Chess_Man01"]
[Black "Schaakmaatje"]
[Result "1-0"]
[WhiteCountry "GBR"]
[BlackCountry "NED"]
[WhiteElo "2169"]
[WhiteRD "73"]
[BlackElo "1755"]
[BlackRD "48"]
[GameID "131530"]

1. e4 c5 2. d4 cxd4 3. c3 dxc3 4. Nxc3 d6 5. Nf3 g6 6. Bc4 Bg7 7. Qb3 e6 8. Bf4 Nc6 9. Nb5 Ne5 10. O-O-O Nxc4
11. Qxc4
1-0

[Event "belive in your chess"]
[Site "SchemingMind.com"]
[Date "2007.12.03"]
[Round "-"]
[White "JasonY1982"]
[Black "keen"]
[Result "1-0"]
[WhiteCountry "USA"]
[BlackCountry "SCO"]
[WhiteElo "1946"]
[WhiteRD "60"]
[BlackElo "1766"]
[BlackRD "67"]
[GameID "131728"]

1. e4 c6 2. d4 d5 3. e5 Bf5 4. Nf3 e6 5. Be2 Nd7 6. O-O Ne7 7. Nh4 Bg6 8. Nd2 c5 9. c3 Qb6 10. Nxg6 Nxg6
11. Nf3 Rc8 12. Qa4 a6 13. Rb1 Qc7 14. Be3 Be7 15. Rbc1 O-O 16. Bd3 c4 17. Bb1 Rfd8 18. g3 Nb8 19. h4 Qd7 20. Qc2 b5
21. h5 Nf8 22. Bg5 Nc6 23. Bxe7 Qxe7 24. Nh4 Qg5 25. Kg2 Rc7 26. Rh1 h6 27. Qe2 Rdd7 28. f4 Qe7 29. f5 exf5 30. Nxf5 Qg5
31. Qe3 Qxe3 32. Nxe3 Ne6 33. Nf5 b4 34. Nd6 Rd8 35. Bf5 Ng5 36. Rhd1 Ne7 37. Bg4 Rb8 38. Rb1 Ne6 39. Nxf7 Nxd4 40. Nxh6+ gxh6
41. cxd4 a5 42. Kf2 Nc6 43. Be6+ Kg7 44. Bxd5 Ne7 45. Be4 Rf8+ 46. Ke2 Ng8 47. Rbc1 Rcf7 48. Rf1 Ne7 49. Rxf7+ Rxf7 50. Rf1 Rxf1
51. Kxf1 Kf7 52. d5 Nc8 53. Ke2 Nb6 54. Kd2 Nd7 55. e6+
1-0

[Event "belive in your chess"]
[Site "SchemingMind.com"]
[Date "2007.12.04"]
[Round "-"]
[White "JasonY1982"]
[Black "littleboo"]
[Result "1/2-1/2"]
[WhiteCountry "USA"]
[BlackCountry "USA"]
[WhiteElo "1936"]
[WhiteRD "60"]
[BlackElo "1915"]
[BlackRD "87"]
[GameID "131729"]

1. e4 e5 2. Nf3 Nc6 3. Bb5 a6 4. Ba4 b5 5. Bb3 Nf6 6. O-O Nxe4 7. d4 Nxd4 8. Nxd4 Bb7 9. Nf3 Bd6 10. Bd5 Bxd5
11. Qxd5 Nf6 12. Qd1 O-O 13. Bg5 e4 14. Nd4 Qe7 15. g3 Bc5 16. Re1 d5 17. Nc3 Qd6 18. Nb3 Bb6 19. Re2 Rfe8 20. Bxf6 Qxf6
21. Nxd5 Qxb2 22. Nxb6 cxb6 23. Qd4 Qxd4 24. Nxd4 Rad8 25. Rd1 f5 26. Red2 Re5 27. Nc6 Rxd2 28. Rxd2 Rc5 29. Nb4 a5 30. Nd5 Kf7
31. Nxb6 Ke6 32. Kf1 g5 33. Ke2 f4 34. gxf4 gxf4 35. h3 b4 36. h4 Rc6 37. Nd5 f3+ 38. Kd1 Rc5 39. Nf4+ Ke5 40. Nh5 Rc3
41. Rd8 e3 42. Re8+ Kd4 43. Rd8+ Ke5 44. Re8+ Kd4 45. Rd8+ Ke5 46. Re8+=
1/2-1/2

[Event "belive in your chess"]
[Site "SchemingMind.com"]
[Date "2007.12.03"]
[Round "-"]
[White "JasonY1982"]
[Black "z"]
[Result "1-0"]
[WhiteCountry "USA"]
[BlackCountry "IRQ"]
[WhiteElo "1955"]
[WhiteRD "64"]
[BlackElo "1788"]
[BlackRD "59"]
[GameID "131730"]

1. e4 a6 2. d4 b5 3. Bd3 Bb7 4. Nf3 e6 5. O-O c5 6. c3 Nf6 7. Qe2 Nc6 8. d5 Ne7 9. dxe6 fxe6 10. Be3 Qc7
11. Nbd2 Ng6 12. a4 c4 13. Bc2 Be7 14. axb5 axb5 15. Rxa8+ Bxa8 16. Ra1 O-O 17. Ra7 Qc8 18. Nd4 Qb8 19. Ra5 Bc6 20. Nxc6 dxc6
21. Nf3 e5 22. b4 Rc8 23. Ng5 Nf8 24. Bd2 c5 25. bxc5 Bxc5 26. Ra1 Qb6 27. Rb1 Ra8 28. h3 Ra2 29. Be1 h6 30. Nf3 N8d7
31. Rc1 Bd6 32. Qd1 Nc5 33. Nh4 Ncxe4 34. Bxe4 Bc5 35. Bd5+ Kh7 36. Rc2 Ra7 37. Qf3 Rd7 38. Qf5+
1-0

[Event "belive in your chess"]
[Site "SchemingMind.com"]
[Date "2007.12.07"]
[Round "-"]
[White "JasonY1982"]
[Black "badbishop"]
[Result "1/2-1/2"]
[WhiteCountry "USA"]
[BlackCountry "POL"]
[WhiteElo "2054"]
[WhiteRD "63"]
[BlackElo "2286"]
[BlackRD "68"]
[GameID "131731"]

1. e4 c5 2. Nf3 d6 3. d4 cxd4 4. Nxd4 Nf6 5. Nc3 Nc6 6. Bc4 Qb6 7. Nb3 e6 8. O-O Be7 9. Be3 Qc7 10. f4 a6
11. a4 b6 12. Bd3 Bb7 13. Qf3 Nb4 14. Qg3 Nxd3 15. cxd3 O-O 16. f5 e5 17. Bh6 Nh5 18. Qg4 Kh8 19. Qxh5 gxh6 20. f6 Bd8
21. Qxh6 Rg8 22. Rf3 Rg6 23. Qh4 Qd7 24. Raf1 Qe6 25. Nd2 b5 26. axb5 axb5 27. Nxb5 d5 28. Nc3 Qb6+ 29. R3f2 Qxb2 30. Nd1 Qb6
31. Kh1 Ra3 32. exd5 Rxd3 33. Nc4 Qc7 34. Nde3 Rd4 35. Qh5 Rxc4 36. Nxc4 Qxc4 37. Qxe5 Bc7 38. Qe8+ Rg8 39. Re1 Bd6 40. Qxf7 Bxd5
41. Qh5 Qd4 42. f7 Qxf2 43. fxg8=Q+ Bxg8 44. Qe2 Qxe2 45. Rxe2 Kg7 46. Rd2 Bc5 47. g3 Kf6 48. Kg2 Be6 49. Kf3 h5 50. Kf4 Bf8
51. Rb2 Bd6+ 52. Kf3 Bd5+ 53. Ke3 Ke5 54. Rb5 Be7 55. h4= Bd6 56. Rxd5+ Kxd5 57. Kf3 Ke5=
1/2-1/2

[Event "belive in your chess"]
[Site "SchemingMind.com"]
[Date "2007.12.07"]
[Round "-"]
[White "JasonY1982"]
[Black "drunkenmaster"]
[Result "0-1"]
[WhiteCountry "USA"]
[BlackCountry "PHI"]
[WhiteElo "1936"]
[WhiteRD "60"]
[BlackElo "1967"]
[BlackRD "77"]
[GameID "131732"]

1. e4 c5 2. Nf3 e6 3. d4 cxd4 4. Nxd4 a6 5. c4 Nf6 6. Nc3 d6 7. Be2 Qc7 8. O-O b6 9. Be3 Bb7 10. f3 Nbd7
11. a4 Be7 12. a5 O-O 13. Nb3 Rac8 14. axb6 Nxb6 15. Na5 Nfd7 16. Nxb7 Qxb7 17. c5 Nxc5 18. Bxc5 Rxc5 19. Bxa6 Qb8 20. Rb1 Nd7
21. f4 Rxc3 22. bxc3 Qa7+ 23. Rf2 Qxa6 24. Rd2 Rc8 25. Rc1 Nc5 26. Qe2 Qxe2 27. Rxe2 Nd3
0-1

[Event "belive in your chess"]
[Site "SchemingMind.com"]
[Date "2007.12.08"]
[Round "-"]
[White "JasonY1982"]
[Black "Schaakmaatje"]
[Result "1-0"]
[WhiteCountry "USA"]
[BlackCountry "NED"]
[WhiteElo "1946"]
[WhiteRD "60"]
[BlackElo "1755"]
[BlackRD "48"]
[GameID "131733"]

1. e4 d6 2. d4 g6 3. Nc3 Bg7 4. Be3 c6 5. Qd2 Nf6 6. Bh6 Bxh6 7. Qxh6 Qa5 8. Bd3 Qh5 9. Qd2 e5 10. Nge2 Ng4
11. f3 Nxh2 12. O-O-O Be6 13. dxe5 Qxe5 14. f4
1-0

[Event "belive in your chess"]
[Site "SchemingMind.com"]
[Date "2007.12.03"]
[Round "-"]
[White "JasonY1982"]
[Black "Chess_Man01"]
[Result "0-1"]
[WhiteCountry "USA"]
[BlackCountry "GBR"]
[WhiteElo "1936"]
[WhiteRD "60"]
[BlackElo "2210"]
[BlackRD "71"]
[GameID "131734"]

1. e4 e6 2. d4 d5 3. Nc3 Bb4 4. e5 c5 5. a3 cxd4 6. axb4 dxc3 7. Qg4 cxb2 8. Bxb2 Qe7 9. Nf3 Nh6 10. Qf4 Nf5
11. Ba3 Qc7 12. c4 O-O 13. Bd3 dxc4 14. Bxc4 Nc6 15. O-O Ncd4 16. Bd3 Nxf3+ 17. gxf3 Qc3 18. Qe4 Rd8 19. Bc2 Rd4 20. Qe2 Rd2
21. Qb5 Bd7 22. Qxb7 Bc6
0-1

[Event "belive in your chess"]
[Site "SchemingMind.com"]
[Date "2007.12.03"]
[Round "-"]
[White "keen"]
[Black "JasonY1982"]
[Result "0-1"]
[WhiteCountry "SCO"]
[BlackCountry "USA"]
[WhiteElo "1759"]
[WhiteRD "65"]
[BlackElo "1936"]
[BlackRD "60"]
[GameID "131735"]

1. e4 c5 2. g3 d6 3. Bg2 Nc6 4. c3 e6 5. Ne2 Nf6 6. O-O Be7 7. d4 cxd4 8. Nxd4 O-O 9. Re1 a6 10. Nd2 Qc7
11. N2b3 Bd7 12. Qd3 Ne5 13. Qe2 Rfe8 14. Be3 Nc6 15. Rad1 d5 16. exd5 Nxd5 17. Nxc6 Bxc6 18. Bc1 Nf6 19. Nd4 Bxg2 20. Kxg2 Rad8
21. Bg5 Qa5 22. Bf4 Qxa2 23. Be5 Qd5+ 24. Kg1 Qc5 25. Qf3 Qb6 26. Re2 Nd7 27. Bf4 Bf6 28. Be3 Qc7 29. Qg4 Ne5 30. Qh3 Nc4
31. Rde1 Nxe3 32. Rxe3 Bxd4 33. cxd4 Rxd4 34. Qh5 Red8 35. Qf3 Rd2 36. b3 h6 37. Qg4 Qc5 38. Qf3 Qb5 39. Qe4 Qd5 40. Qb4 Rd1
41. Qb6 Rxe1+ 42. Rxe1 Rd6 43. Qb4 Rd7 44. Qc3 a5 45. Qc2 Qd2 46. Qe4 Qd5 47. Qc2= b5 48. Qc8+ Rd8 49. Qc2 Qd4 50. Qe2 Qc5
51. Qb2 a4 52. bxa4 bxa4 53. Ra1 Ra8 54. Qb7 Ra7 55. Qb8+ Kh7 56. Qb1+ g6 57. Qd1 a3 58. Qb3 Qc7 59. Qe3 a2 60. Qd2 Qa5
61. Qb2 Qd5 62. Qc2 Ra3 63. Qb2 Rd3 64. h4 Rd1+
0-1

[Event "belive in your chess"]
[Site "SchemingMind.com"]
[Date "2007.12.04"]
[Round "-"]
[White "littleboo"]
[Black "JasonY1982"]
[Result "1-0"]
[WhiteCountry "USA"]
[BlackCountry "USA"]
[WhiteElo "1918"]
[WhiteRD "87"]
[BlackElo "1929"]
[BlackRD "63"]
[GameID "131736"]

1. e4 c5 2. Nc3 d6 3. Nf3 Nc6 4. d4 cxd4 5. Nxd4 e6 6. Bb5 Bd7 7. O-O Nf6 8. Be3 Be7 9. Nxc6 Bxc6 10. Bxc6+ bxc6
11. Qf3 O-O 12. Rab1 Nd7 13. Bf4 Nb6 14. Rbd1 Qc7 15. Qg3 Rfd8 16. e5 d5 17. Bh6 Bf8 18. Rfe1 Kh8 19. Bg5 Be7 20. b3 Bxg5
21. Qxg5 Rf8 22. a3 Qd8 23. Qe3 Qe7 24. a4 Nd7 25. Ne2 c5 26. Nf4 a6 27. c4 d4 28. Qf3 Rab8 29. Qg3 h6 30. Nh3 Kg8
31. a5 f6 32. exf6 Rxf6 33. f4 Qd6 34. Kh1 Qc7 35. Ra1 Qb7 36. Rab1 Qb4 37. Nf2 Qxa5 38. Ne4 Rff8 39. Nd6 Qd2 40. Qh3 Nf6
41. Qxe6+ Kh8 42. Nf7+ Kh7 43. Qf5+ Kg8 44. Nxh6+ gxh6 45. Qg6+ Kh8 46. Qxh6+ Nh7 47. Re7 Qd3 48. Qg7#
1-0

[Event "belive in your chess"]
[Site "SchemingMind.com"]
[Date "2007.12.03"]
[Round "-"]
[White "z"]
[Black "JasonY1982"]
[Result "1/2-1/2"]
[WhiteCountry "IRQ"]
[BlackCountry "USA"]
[WhiteElo "1788"]
[WhiteRD "59"]
[BlackElo "1955"]
[BlackRD "64"]
[GameID "131737"]

1. b4 e5 2. Bb2 Bxb4 3. Bxe5 Nf6 4. a3 Be7 5. Nf3 d5 6. e3 O-O 7. c4 c5 8. cxd5 Nxd5 9. Be2 Nc6 10. Bb2 Bf6
11. Qc2 Bxb2 12. Qxb2 b6 13. O-O Bb7 14. Rd1 Qf6 15. Qxf6 Nxf6 16. d4 cxd4 17. Nxd4 Nxd4 18. Rxd4 Rfd8 19. Rxd8+ Rxd8 20. Nc3 Rd2
21. Rd1 Rxd1+ 22. Bxd1 Kf8 23. f3 Ke7 24. e4 Nd7 25. Bb3 Nc5 26. Bc4 a6 27. Nd5+ Bxd5 28. Bxd5 f6 29. g3 b5 30. Kf2 Nd7
31. f4 Kd6 32. Bg8 h6 33. Ke3 Kc5 34. Be6 Nf8 35. Ba2 Nd7 36. Kd3 a5= 37. Kc3 b4+ 38. axb4+ axb4+ 39. Kd3 Nb6 40. Bb3 Nd7
41. Ba4 Nb6 42. Bb3 Nd7 43. Be6 Nf8 44. Bc8 Ng6 45. Be6 Ne7 46. h4 Nc6 47. h5 Kd6 48. Ba2 Kc5 49. g4 Ne7 50. e5 fxe5
51. fxe5 Nd5 52. Bb3 Nf4+ 53. Ke4 Ne2 54. Ke3 Nc1 55. Bc2 b3 56. Bb1 Kd5 57. Kf4 b2 58. Kf5 Ne2 59. Kg6 Kxe5 60. Kxg7 Nc3
61. Bd3 b1=Q 62. Bxb1 Nxb1 63. Kxh6 Nc3 64. Kg6 Nd5 65. h6 Nf4+ 66. Kg7 Ne6+ 67. Kg6 Nf4+ 68. Kg5 Ne6+ 69. Kh5 Nf8 70. g5 Kf5
71. g6 Nxg6=
1/2-1/2

[Event "belive in your chess"]
[Site "SchemingMind.com"]
[Date "2007.12.07"]
[Round "-"]
[White "badbishop"]
[Black "JasonY1982"]
[Result "1-0"]
[WhiteCountry "POL"]
[BlackCountry "USA"]
[WhiteElo "2264"]
[WhiteRD "71"]
[BlackElo "1929"]
[BlackRD "63"]
[GameID "131738"]

1. e4 c5 2. Nf3 d6 3. d4 cxd4 4. Nxd4 Nf6 5. Nc3 a6 6. Be2 e5 7. Nb3 Be6 8. f4 Qc7 9. g4 exf4 10. g5 Nfd7
11. Bxf4 Nc6 12. Qd2 Nce5 13. O-O-O Rc8 14. Kb1 Be7 15. Nd4 Nf8 16. h4 Nfg6 17. Bg3 Nc4 18. Bxc4 Qxc4 19. Nf5 Bxf5 20. exf5 Ne5
21. f6 gxf6 22. gxf6 Bxf6 23. Qxd6 Qe6 24. Rhe1 Qxd6 25. Rxd6 Ke7 26. Rxf6 Kxf6 27. Bxe5+ Kg6 28. Bxh8 Rxh8 29. Re7 Rf8 30. Rxb7 Kh5
31. Rb6 Kxh4 32. Rh6+ Kg5 33. Rxh7 f5 34. Kc1 f4 35. Kd2 Kg4 36. Ke2 f3+ 37. Kf2
1-0

[Event "belive in your chess"]
[Site "SchemingMind.com"]
[Date "2007.12.07"]
[Round "-"]
[White "drunkenmaster"]
[Black "JasonY1982"]
[Result "0-1"]
[WhiteCountry "PHI"]
[BlackCountry "USA"]
[WhiteElo "1868"]
[WhiteRD "76"]
[BlackElo "1993"]
[BlackRD "63"]
[GameID "131739"]

1. e4 c5 2. Nf3 d6 3. Bb5+ Bd7 4. a4 Nc6 5. O-O Nf6 6. d3 g6 7. Bd2 Bg7 8. Bc3 O-O 9. Nbd2 a6 10. Bxc6 Bxc6
11. a5 Qc7 12. Re1 e6 13. Nc4 Nd7 14. Bxg7 Kxg7 15. d4 cxd4 16. Qxd4+ Nf6 17. Nxd6 Rad8 18. e5 Nd7 19. Ng5 Nb8 20. Qh4 h6
21. Nge4 Bxe4 22. Qxe4 Nc6 23. b4 Kh7 24. Rad1 f5 25. Qc4 Qe7 26. f4 Rg8 27. Kh1 g5 28. g3 gxf4 29. gxf4 Rg4 30. Rg1 Nxe5
31. Qc5 Rxg1+ 32. Kxg1 Nf3+ 33. Kg2 Nh4+ 34. Kf2 Ng6 35. Rd4 Qh4+ 36. Ke3 Qe1+ 37. Kd3 Nxf4+ 38. Kc4 Qf1+ 39. Kb3 Qb1+ 40. Ka3 Rd7
41. Nxf5 Qa1+ 42. Kb3 Nd5 43. Rd3 Qb1+
0-1

[Event "belive in your chess"]
[Site "SchemingMind.com"]
[Date "2007.12.08"]
[Round "-"]
[White "Schaakmaatje"]
[Black "JasonY1982"]
[Result "0-1"]
[WhiteCountry "NED"]
[BlackCountry "USA"]
[WhiteElo "1755"]
[WhiteRD "48"]
[BlackElo "1946"]
[BlackRD "60"]
[GameID "131740"]

1. g4 d5 2. Bg2 e5 3. h3 c6 4. d4 e4 5. c4 Be6 6. Nc3 Ne7 7. Bf4 Ng6 8. Bxb8 Rxb8 9. Qa4 Nf4 10. Bf1 dxc4
11. Nxe4 Qxd4 12. Nc3 Bd5 13. Nxd5 Qxd5 14. f3 b5 15. Qc2 Bb4+ 16. Kf2 O-O 17. Rd1 Qc5+ 18. e3 Rbd8 19. Ne2 Rxd1 20. Qxd1 Nxe2
21. Bxe2 Re8 22. Qd4 Qe7
0-1